000
00334nam a2200145Ia 4500
008
230718s9999 xx 000 0 und d
041
_a
Eng.
082
_a
346.5404
_b
RAN-E
100
_a
Rana, Muhammad
245
0
_a
Easemett Act, 1882
260
_a
Pakistan
_b
Punjab Law Book
_c
2016
300
_a
164
650
_a
Law
999
_c
31009
_d
31009